Pathogenic microorganisms associated with free-living birds : (a review) /

Hlavní autor: Hubálek, Zdeněk, 1942-2025
Jazyk: Angličtina
Vydáno: Brno : Ústav ekologie krajiny AV ČR, 1994
Edice: Přírodovědné práce ústavů Akademie věd České republiky v Brně
Témata:
Fyzický popis: 74 s. ; 24 cm
Knihy
Uloženo v:
LEADER 01093nam a2200277 a 4500
001 000274183
003 CZ BrMZK
005 20060406114343.0
008 980115s1994 xr f eng d
015 |a cnb000088832 
035 |a (OCoLC)320326923 
035 |a (OCoLC)39594765 
040 |a BOA001  |b cze 
080 |a 598.2:579.22  |2 MRF 
100 1 |a Hubálek, Zdeněk,  |d 1942-2025  |7 jk01043130  |4 aut 
245 1 0 |a Pathogenic microorganisms associated with free-living birds :  |b (a review) /  |c Zdeněk Hubálek. 
260 |a Brno :  |b Ústav ekologie krajiny AV ČR,  |c 1994 
300 |a 74 s. ;  |c 24 cm 
490 1 |a Přírodovědné práce ústavů Akademie věd České republiky v Brně ;  |v N.S., 28, 1994, 5 
500 |a Bibliogr. 
653 0 |a patogenní mikroorganismy  |a ptáci 
830 0 |a Přírodovědné práce ústavů Akademie věd České republiky v Brně 
910 |a BOA001  |b 03706-0611.753 
964 |a Ptáci  |x mikroorganismy patogenní 
990 |a BK 
996 6 |b 2610063952  |c 03706-0611.753  |d 1994 28 5  |v 28  |i 5  |y 1994  |l MZK  |r Sklad / do 1 hodiny  |n 1  |w 000170926  |u 000080  |a 1  |e BOA001  |j MZK50  |s P